<?xml version="1.0" encoding="UTF-8"?><?xml-stylesheet type="text/xsl" href="static/style.xsl"?><OAI-PMH xmlns="http://www.openarchives.org/OAI/2.0/" xmlns:xsi="http://www.w3.org/2001/XMLSchema-instance" xsi:schemaLocation="http://www.openarchives.org/OAI/2.0/ http://www.openarchives.org/OAI/2.0/OAI-PMH.xsd"><responseDate>2026-04-17T05:44:35Z</responseDate><request verb="GetRecord" identifier="oai:www.recercat.cat:2117/123954" metadataPrefix="marc">https://recercat.cat/oai/request</request><GetRecord><record><header><identifier>oai:recercat.cat:2117/123954</identifier><datestamp>2025-07-17T16:23:14Z</datestamp><setSpec>com_2072_1033</setSpec><setSpec>col_2072_452951</setSpec></header><metadata><record xmlns="http://www.loc.gov/MARC21/slim" xmlns:dcterms="http://purl.org/dc/terms/" xmlns:xsi="http://www.w3.org/2001/XMLSchema-instance" xmlns:doc="http://www.lyncode.com/xoai" xsi:schemaLocation="http://www.loc.gov/MARC21/slim http://www.loc.gov/standards/marcxml/schema/MARC21slim.xsd">
   <leader>00925njm 22002777a 4500</leader>
   <datafield ind2=" " ind1=" " tag="042">
      <subfield code="a">dc</subfield>
   </datafield>
   <datafield ind2=" " ind1=" " tag="720">
      <subfield code="a">Agustín Granell, Pau</subfield>
      <subfield code="e">author</subfield>
   </datafield>
   <datafield ind2=" " ind1=" " tag="260">
      <subfield code="c">2018-07</subfield>
   </datafield>
   <datafield ind2=" " ind1=" " tag="520">
      <subfield code="a">(spa) Las redes neuronales recurrentes (LSTM) son una técnica muy popular para aprendizaje en secuencia. Sus características la convierten en una buena candidata para resolver uno de los problemas más difíciles de resolver en finanzas: La predicción de movimientos en los precios de stocks. Nuestro objetivo es poder predecir movimientos a 15 días de una compañía del índice S&amp;P 500, EBAY, aplicando redes neuronales y LSTM a partir de únicamente los históricos de los precios de cierre de estas 500 compañías. Los movimientos se han clasificado en tres clases siendo 1 comprar, 0 mantenerse y -1 vender. Esta clasificación se ha hecho mediante la metodología de las Bandas de Bollinger, que dibuja unos límites para los cuales el precio se considera que está demasiado alto o bajo. Como features se han usado variables creadas a partir de los precios de cierre ajustados de las compañías del índice basándonos en los componentes de un posible sistema de trading para generar señales de compra y venta.</subfield>
   </datafield>
   <datafield ind2=" " ind1=" " tag="520">
      <subfield code="a">(eng) Comparison between neural networks and recurrent neural networks for stock movement prices using Bollinger bands as a classifier. Recurrent neural networks such as LSTM are a very powerful technique for sequence learning. Its characteristics make of it a very good candidate to solve one of the hardest problems in finance: Stock movements prediction. Our goal was to predict out of sample movements, 15 days forward, from a company of the S&amp;P 500 index, EBAY, deploying LSTM and neural networks and feeding it only the information of the 500 historic adjusted closing prices. The movements have been classified as 1 buy, 0 hold and -1 sell following the Bollinger Bands methodology, which draws limits for the price to be considered too low or high. As features some variables have been created from the adjusted closing prices of the companies, those variables are based around possible components of a trading system to generate buy and sell signals.</subfield>
   </datafield>
   <datafield tag="653" ind2=" " ind1=" ">
      <subfield code="a">Àrees temàtiques de la UPC::Matemàtiques i estadística</subfield>
   </datafield>
   <datafield tag="653" ind2=" " ind1=" ">
      <subfield code="a">Statistics -- Applications</subfield>
   </datafield>
   <datafield tag="653" ind2=" " ind1=" ">
      <subfield code="a">Redes neuronales</subfield>
   </datafield>
   <datafield tag="653" ind2=" " ind1=" ">
      <subfield code="a">LSTM</subfield>
   </datafield>
   <datafield tag="653" ind2=" " ind1=" ">
      <subfield code="a">Finanzas</subfield>
   </datafield>
   <datafield tag="653" ind2=" " ind1=" ">
      <subfield code="a">Machine Learning</subfield>
   </datafield>
   <datafield tag="653" ind2=" " ind1=" ">
      <subfield code="a">Deep Learning</subfield>
   </datafield>
   <datafield tag="653" ind2=" " ind1=" ">
      <subfield code="a">Bandas de Bollinger</subfield>
   </datafield>
   <datafield tag="653" ind2=" " ind1=" ">
      <subfield code="a">Trading</subfield>
   </datafield>
   <datafield tag="653" ind2=" " ind1=" ">
      <subfield code="a">Estadística aplicada</subfield>
   </datafield>
   <datafield tag="653" ind2=" " ind1=" ">
      <subfield code="a">Classificació AMS::62 Statistics</subfield>
   </datafield>
   <datafield tag="653" ind2=" " ind1=" ">
      <subfield code="a">Classificació AMS::91 Game theory, economics, social and behavioral sciences</subfield>
   </datafield>
   <datafield ind2="0" ind1="0" tag="245">
      <subfield code="a">Redes Neuronales Recurrentes: Una aplicación para los mercados bursátiles</subfield>
   </datafield>
</record></metadata></record></GetRecord></OAI-PMH>